Normal view
MARC view
- Predko, Michael
Entry Personal Name
001 - CONTROL NUMBER
- control field: 106715
003 - CONTROL NUMBER IDENTIFIER
- control field: NUST
005 - DATE AND TIME OF LATEST TRANSACTION
- control field: 20230103122150.0
008 - FIXED-LENGTH DATA ELEMENTS
- fixed length control field: 230103|| aca||aabn | a|a d
040 ## - CATALOGING SOURCE
- Original cataloging agency: NUST
- Transcribing agency: NUST
100 ## - HEADING--PERSONAL NAME
- Personal name: Predko, Michael
670 ## - SOURCE DATA FOUND
- Source citation: Work cat.: (NUST)179963: Predko, Michael., Programming and customizing PICmicro microcontrollers /, c2002.
